01124nam a22002775a 450000500170000000800410001702000180005804000380007608200250011410000370013924500750017625000210025126000730027230000530034550000240039850400410042265000460046365000380050965000310054765100100057865300310058865500240061994200250064399900170066895201610068520150722095130.0150624s2013 ii adk frb 001 0 eng d a9788122427233 aEG-ScBUEbengcEG-ScBUEdEG-ScBUE04a620.0015118bRAO2221 aRao, Singiresu S.,d1944-92063110aEngineering optimization : btheory and practice / cSingiresu S. Rao. a3rd enlarged ed. aNew Delhi : bNew Age International (P.) Limited, Publishers,c2013. axix, 754 p. : bcharts, forms, tables ; c25 cm. aIndex : p. 747-754. aIncludes bibliographical references. 0aEngineeringx Mathematical models.2BUEsh 0aMathematical optimization.2BUEsh 0aEngineering design.2BUEsh 2BUEsh bCOMSCIcJune2015cJuly2015 vreading book934232 2ddck620.0015118 RAO c19929d19901 00102ddc40708AlahramaMAINbMAINc1STd2015-06-24epurchaseg135.00h325l1m24o620.0015118 RAOp000038827r2025-07-15 00:00:00s2016-09-08v168.75yBB